000
00254nam a2200109Ia 4500
100
_a
Machinery yellow back series
942
_c
BK
654
_a
Spinning
245
_a
Metal Spinning No.7
260
_b
Machinery Publication & co
_c
2001
546
_a
ENGLISH
999
_c
32697
_d
32697